Responses for show #3297 - Tuesday, December 29, 1998

Contestants

[<< previous game]

Daniel Banando, a teacher from Los Angeles, California

Colleen McSwiggin, a microbiologist from Cincinnati, Ohio

Will Thompson, a French professor from Memphis, Tennessee (whose 2-day cash winnings total $18,300)

[next game >>]

Jeopardy! Round responses

THE CAROLINAS
TV ACTORS & ROLES
NATIONAL GEOGRAPHIC
LET'S DEMONSTRATE
BELLS
JINGLES ALL THE WAY
    $100 2
Civil War

Daniel
    $100 1
J.R. Ewing

Daniel
    $100 11
Naples

Daniel
    $100 21
(Alex: Wait a minute, wait a minute - let the audience enjoy this moment; I got ahead of myself, I've been waiting to ring this bell for 5 minutes!)

Cowbell

Colleen
    $100 16
(W: What is Double gum?)

Doublemint gum

WillColleen
    $200 3
Busing

Colleen
    $200 4
The Courtship of Eddie's Father

Daniel
    $200 12
Bagel

Colleen
    $200 22
"Jingle Bells"

Will
    $200 17
Oscar Mayer

Daniel
    $300 5
The Citadel

Daniel
    $500 8
L.A. Law

Will
    $300 13
U.S.S. Constitution

Daniel
    $300 23
(less than a minute to go...)

Avon

Daniel
    $300 18
(D: What is Billcreem?)

Brylcreem

WillDaniel
    $400 6
Strom Thurmond

Daniel
    $400 9
Twin Peaks

Will
    $400 14
Devils Tower

Colleen
    $400 24
"Liberty Bell March"

Triple Stumper
    $400 19
Armour hot dogs

Colleen
    $500 7
Fort Bragg

Will
    $500 10
Sisters

Colleen
    $500 15
Victoria Falls

Colleen
    $500 26
(buzzer sounds)
(Alex: Oh, that's enough - boy, is it enough! One of these rounds where I really lost it, huh, but who cares!)

Gallaudet

Will
    $500 25
(C: Bellboy, but that's six....)
(Alex: But that's wrong!)
(D: What is "Service!")

"Front!"

ColleenDaniel
Triple Stumper
    $500 20
(D: What is Harley-Davidson?)

Kawasaki

Daniel
Triple Stumper

Scores at the first commercial break (after clue 12):

Will Colleen Daniel
$1,400 $900 $1,200

Scores at the end of the Jeopardy! Round:

Will Colleen Daniel
$2,300 $1,900 $700

Double Jeopardy! Round responses

ISLANDS
CELEBRATE CANADA
THE WORLD OF ISLAM
SONNETS
BOOKS BY CELEBRITIES
OXYMORONS
(Alex: We know what they are)
    $200 1
Ireland

Colleen
    $200 6
Oktoberfest

Will
    $200 10
Ishmael

Daniel
    $200 25
A summer's day

Colleen
    $200 12
Private Parts

Will
    $200 20
Casual dressy

Will
    $400 2
New Zealand

Will
    $400 7
Stratford, Ontario

Colleen
    $400 11
Mecca

Colleen
    $400 26
the Portuguese

Daniel
    $400 13
(Daniel: Who is Fergie?)

Sarah Ferguson

Daniel
    $400 22
Dead

Will
    $600 3
American Samoa

Will
    $600 8
Calgary Stampede

Daniel
    $600 14
The Alhambra

Daniel
    $600 27
(Daniel: Who is John Donne?)

William Wordsworth

ColleenDaniel
    $600 17
William Shatner

Colleen
    $600 23
Golf

Will
    $800 4
Bermuda

Daniel
    $1,000 9
(D: What is the Highland Fling?)
(Alex: No, that's a dance - the Games pretty much cover everything involved)

The Highland Games

Daniel
    $800 15
Jerusalem

Daniel
    $800 28
a Petrarchan sonnet

Triple Stumper
    $800 18
Willard Scott

Triple Stumper
    $1,000 24
(Alex: We have about a minute left, Will.)

Romeo and Juliet

Will
    $1000 5
(D: What is Christmas Island?)

Reunion

Daniel
Triple Stumper
    $1000 21
Prince Edward Island

Will
    $1000 16
Ali

Daniel
    $1000 29
Edna St. Vincent Millay

Triple Stumper
    $1000 19
Ethan Hawke

Colleen
    $1000 30
Untitled

Triple Stumper

Scores at the end of the Double Jeopardy! Round:

Will Colleen Daniel
$6,900 $5,300 $2,900

[wagering suggestions for these scores]

Final Jeopardy! Round responses

CHRISTMAS TRADITIONS
(Alex: Colleen, you finally won something, not second place!)
DanielWho was St. Francis of Assisi?
$2,800
ColleenWho is St. Francis of Assisi?
$5,295
WillWho was Saint Nicholas?
$3,700
Saint Francis of Assisi

Final scores:

Will Colleen Daniel
$3,200 $10,595 $5,700
3rd place: Rand McNally Gift Certificate New champion: $10,595 2nd place: Panasonic 32-inch Super Flat Color TV & Broyhill Home Theater Cabinet

Game dynamics:

Coryat scores:

Will Colleen Daniel
$6,500 $5,300 $3,900
15 R
(including 2 DDs),
1 W
15 R,
1 W
17 R,
6 W
(including 1 DD)

Combined Coryat: $15,700

The J! Archive is created by fans, for fans. The Jeopardy! game show and all elements thereof, including but not limited to copyright and trademark thereto, are the property of Jeopardy Productions, Inc. and are protected under law. This website is not affiliated with, sponsored by, or operated by Jeopardy Productions, Inc. Join the discussion at JBoard.tv.